000
00351nam a2200157Ia 4500
003
OSt
005
20240129152746.0
008
170524s9999 xx 000 0 und d
020
_a
9788120345553
040
_c
IIMTU
100
_a
Pannerselvam
245
0
_a
Production and Operation Management
260
_b
P H I
260
_c
2003
942
_2
ddc
_c
02
999
_c
6231
_d
6231